000 01398nam a22003257a 4500
003 EG-GICUC
005 20260121101155.0
008 251107s2011 ua ||||fr|||| 00| 0 ara d
017 _a2011/7644
020 _a9789770467204
040 _a EG-GICUC
_bara
_c EG-GICUC
_d EG-GICUC
_erda
041 _aara
082 0 4 _221
_a343.38
_bم ا . ص
092 0 4 _221
099 _aLaw1 10 343.38 2011
100 0 _aماهر عبد الله على العربي
_eمؤلف.
245 _aصلاحية الحكم الجنائي الغيابي في القبض على المتهم :
_bدراسة تحليلية تطبيقية ؛ أثر الحكم الجنائي البات على الجريمة متعددة الأوصاف : تعليقًا على نص المادة 455 من قانون الإجراءات الجنائية /
_cماهر عبد الله على العربي
264 _aالقاهرة :
_bدار النهضة العربية ,
_c2011.
300 _a139 صفحة;
_c24 سم
336 _2rda content
_atext
337 _2rda media
_aComputer
338 _2rda carrier
_aOnline Resource
504 _aيتضمن قائمة مراجع
546 _aالنص باللغة العربية
650 1 _aقانون جنائي
650 1 _aالأحكام الجنائية
856 4 0 _uhttps://fll.law.cu.edu.eg/fulltext/bks/B10-05836.pdf
905 _a44
_eYara
942 _2ddc
_cBK
_e21
_n0
999 _c41681
_d41681